000 00501nam a22001817a 4500
999 _c169490
_d169490
005 20191122102407.0
010 _aENG-126967
020 _a9788194318002
_c220.00
035 _aEN-110499
037 _bDBAD/PUB
082 _aN
100 _aPal, Dibyendu
245 _aA confession /
_cby Dibyendu Pal
260 _a Delhi
_bOrangebooks Publications
_c2019
270 _aVishvidyalaya Marg, Civil Lines, Delhi NCR
_bNew Delhi
_e110054
300 _ax;116p.
_c19cm(pbk)
942 _2ddc
_cEN
_hN
_mPAL